[Event "Interclubs Adultes"]
[Site "France"]
[Date "2004.04.02"]
[Round "5.1"]
[White "Shirov, Alexei"]
[Black "Tregubov, Pavel V"]
[Result "1/2-1/2"]
[WhiteElo "2736"]
[BlackElo "2628"]
[PlyCount "59"]
[EventDate "2004.04.01"]
[Source "Roberto Alvarez"]
[SourceDate "2004.04.05"]

1. d4 Nf6 2. c4 c5 3. d5 b5 4. cxb5 a6 5. bxa6 g6 6. Nc3 Bxa6 7. e4 Bxf1 8. Kxf1 d6 9. Nf3 Nbd7 10. g3 Bg7 11. Kg2 O-O 12. h3 Qa5 13. Re1 Rfb8 14. e5 dxe5 15. Nxe5 Nxe5 16. Rxe5 Rb7 17. d6 e6 18. Re2 Qa6 19. Bf4 Qc6+ 20. Kg1 Nd5 21. Nxd5 exd5 22. b3 Bf8 23. Rd2 d4 24. Rc1 Qd5 25. Rdc2 Bxd6 26. Bxd6 Qxd6 27. Qf3 Rbb8 28. Rxc5 Rxa2 29. Rd5 Qe6 30. Rxd4 1/2-1/2

[Event "Memorial J.Donner, V"]
[Site "Memorial J.Donner, V"]
[Date "1994.??.??"]
[Round "?"]
[White "Jussupow, Artur M"]
[Black "Adams, Michael"]
[Result "1/2-1/2"]
[WhiteElo "2665"]
[BlackElo "2660"]
[PlyCount "41"]
[EventDate "1994.??.??"]
[Source "www.chesslib.no"]
[SourceDate "2004.05.04"]

1. d4 Nf6 2. c4 c5 3. d5 b5 4. cxb5 a6 5. bxa6 g6 6. Nc3 Bxa6 7. e4 Bxf1 8. Kxf1 d6 9. Nf3 Bg7 10. g3 Nbd7 11. h3 O-O 12. Kg2 Ra3 13. Rh2 Qa8 14. Qb3 Re8 15. Qc4 Nh5 16. Na4 Rd8 17. Rb1 Rb8 18. Qb5 Qa5 19. Qc6 Nf8 20. Qc7 Rd3 21. Bd2 1/2-1/2

[Event "YUG-chT"]
[Site "?"]
[Date "1998.??.??"]
[Round "4"]
[White "Atalik Suat"]
[Black "Georgiev Kiril"]
[Result "1/2-1/2"]
[WhiteElo "2595"]
[BlackElo "2675"]
[PlyCount "44"]
[EventDate "1998.??.??"]
[Source "www.chesslib.no"]
[SourceDate "2004.05.04"]

1. d4 Nf6 2. c4 c5 3. d5 b5 4. cxb5 a6 5. bxa6 Bxa6 6. Nc3 g6 7. e4 Bxf1 8. Kxf1 d6 9. Nf3 Bg7 10. g3 O-O 11. Kg2 Nbd7 12. Re1 Qa5 13. e5 Ng4 14. exd6 exd6 15. Bf4 Rfb8 16. Re2 Bxc3 17. bxc3 Qxc3 18. h3 Ngf6 19. Rc1 Qa3 20. Bxd6 Rb2 21. Rxb2 Qxb2 22. Rc2 Qb4 1/2-1/2

[Event "CRO-chT"]
[Site "Pula"]
[Date "2000.09.11"]
[Round "1"]
[White "Almasi, Zoltan"]
[Black "Delchev, Aleksander"]
[Result "1/2-1/2"]
[WhiteElo "2668"]
[BlackElo "2557"]
[PlyCount "35"]
[EventDate "2000.09.??"]
[Source "www.chesslib.no"]
[SourceDate "2004.05.04"]

1. d4 Nf6 2. c4 c5 3. d5 b5 4. cxb5 a6 5. bxa6 g6 6. Nc3 Bxa6 7. Nf3 d6 8. e4 Bxf1 9. Kxf1 Nbd7 10. h3 Bg7 11. Kg1 O-O 12. Kh2 Qa5 13. Re1 Rfb8 14. Re2 Ne8 15. Bg5 Bxc3 16. bxc3 f6 17. Bd2 Qa4 18. Be1 1/2-1/2

[Event "Linares"]
[Site "?"]
[Date "1990.??.??"]
[Round "?"]
[White "Spassky, B."]
[Black "Ivanchuk, V."]
[Result "1/2-1/2"]
[WhiteElo "2560"]
[BlackElo "2665"]
[PlyCount "52"]
[EventDate "1990.??.??"]
[Source "ChessBase"]
[SourceDate "1990.01.01"]

1. d4 Nf6 2. c4 c5 3. d5 b5 4. cxb5 a6 5. bxa6 g6 6. Nc3 Bxa6 7. Nf3 d6 8. e4 Bxf1 9. Kxf1 Bg7 10. g3 O-O 11. Kg2 Nbd7 12. h3 Qa5 13. Re1 Rfb8 14. e5 dxe5 15. Nxe5 Nxe5 16. Rxe5 Ra7 17. Qe2 Rbb7 18. g4 Ne8 19. Re3 Nd6 20. a4 c4 21. Rf3 Bxc3 22. bxc3 Qxd5 23. Bh6 Qe4 24. Qxe4 Nxe4 25. Rf4 Nd6 26. Rd4 Rb3 1/2-1/2

[Event "09 Linares"]
[Site "?"]
[Date "1995.??.??"]
[Round "?"]
[White "Ljubojevic, Ljubomir"]
[Black "Topalov, Veselin"]
[Result "1/2-1/2"]
[WhiteElo "2580"]
[BlackElo "2630"]
[PlyCount "95"]
[EventDate "1995.??.??"]
[Source "www.chesslib.no"]
[SourceDate "2004.05.04"]

1. d4 Nf6 2. c4 c5 3. d5 b5 4. cxb5 a6 5. bxa6 g6 6. Nc3 Bxa6 7. Nf3 d6 8. e4 Bxf1 9. Kxf1 Bg7 10. g3 Nbd7 11. Kg2 O-O 12. Re1 Ra6 13. h3 Qa8 14. Bg5 h6 15. Bd2 e6 16. dxe6 fxe6 17. Qc2 d5 18. a4 g5 19. Ra3 Rb6 20. Bc1 Rf7 21. Nd2 Rb4 22. Rb3 Rxb3 23. Qxb3 c4 24. Nxc4 dxc4 25. Qxc4 Ne5 26. Qxe6 Nd3 27. Rf1 Nc5 28. Qc4 Ncxe4 29. Nxe4 Nxe4 30. f3 Nd6 31. Qe6 Nf5 32. Qe4 Qc8 33. Re1 Rc7 34. Bd2 Rc2 35. Re2 Rxb2 36. Bc1 Rxe2+ 37. Qxe2 Nd4 38. Qd3 Qe6 39. Bd2 Qa2 40. a5 Nc6 41. h4 gxh4 42. gxh4 Ne5 43. Qd8+ Kh7 44. f4 Bf6 45. Qd4 Qg8+ 46. Kf1 Qc4+ 47. Qxc4 Nxc4 48. Ke2 1/2-1/2

[Event "Corr"]
[Site "?"]
[Date "1996.11.01"]
[Round "?"]
[White "Kilgour David A.(SCO)"]
[Black "Gottardi Gottardo (SUI)"]
[Result "1/2-1/2"]
[WhiteElo "2580"]
[BlackElo "2620"]
[PlyCount "101"]
[EventDate "1996.??.??"]
[Source "www.chesslib.no"]
[SourceDate "2004.05.04"]

1. d4 Nf6 2. c4 c5 3. d5 b5 4. cxb5 a6 5. bxa6 g6 6. Nc3 Bxa6 7. Nf3 Bg7 8. e4 Bxf1 9. Kxf1 d6 10. g3 O-O 11. Kg2 Nbd7 12. Re1 Nb6 13. Re2 Qd7 14. Qc2 Qb7 15. Rb1 Nfd7 16. Bg5 f6 17. Bf4 f5 18. exf5 Rxf5 19. Rxe7 Bf8 20. Re2 Nxd5 21. Nxd5 Qxd5 22. Rd1 Qc6 23. Re3 Nf6 24. Kg1 Qb7 25. Rb3 Qd7 26. Rbd3 d5 27. b3 Re8 28. Re1 Rxe1+ 29. Nxe1 Ne4 30. f3 Nf6 31. Ng2 g5 32. Bc1 d4 33. f4 gxf4 34. Nxf4 Bd6 35. Rd1 Bxf4 36. Bxf4 Qe6 37. Qd3 Nd5 38. Bd2 Nf6 39. Re1 Re5 40. Rf1 Re2 41. b4 cxb4 42. Rf4 Kg7 43. Qxd4 Qc6 44. Rf2 Rxf2 45. Qxf2 Qe4 46. Qe1 Qd4+ 47. Be3 Qb2 48. Bc5 Kg6 49. h3 Qxa2 50. Bxb4 h5 51. Bc3 1/2-1/2

[Event "YUG-chT"]
[Site "?"]
[Date "1998.??.??"]
[Round "2"]
[White "Tosic Miroslav"]
[Black "Georgiev Kiril"]
[Result "1/2-1/2"]
[WhiteElo "2505"]
[BlackElo "2675"]
[PlyCount "46"]
[EventDate "1998.??.??"]
[Source "www.chesslib.no"]
[SourceDate "2004.05.04"]

1. d4 Nf6 2. c4 c5 3. d5 b5 4. cxb5 a6 5. bxa6 Bxa6 6. Nc3 d6 7. e4 Bxf1 8. Kxf1 g6 9. Nf3 Bg7 10. h3 O-O 11. Kg1 Nbd7 12. Kh2 Qa5 13. Re1 Rfb8 14. Re2 Ne8 15. Rc2 Qa6 16. Bd2 Qd3 17. Be1 Qxd1 18. Rxd1 Nc7 19. b3 Na6 20. Nb1 Ra7 21. Na3 Rf8 22. Nc4 f5 23. Re2 fxe4 1/2-1/2

[Event "Lewkowitz Memorial A"]
[Site "corr CAPA"]
[Date "1994.??.??"]
[Round "?"]
[White "Idema, Abram A. (NLD)"]
[Black "Nielsen, Niels Jorgen Fries"]
[Result "0-1"]
[WhiteElo "2580"]
[BlackElo "2595"]
[PlyCount "64"]
[EventDate "1994.??.??"]
[Source "www.chesslib.no"]
[SourceDate "2004.05.04"]

1. d4 Nf6 2. c4 c5 3. d5 b5 4. cxb5 a6 5. bxa6 Bxa6 6. Nc3 d6 7. Nf3 g6 8. e4 Bxf1 9. Kxf1 Nbd7 10. h3 Bg7 11. Kg1 O-O 12. Kh2 Qb6 13. Re1 Ne8 14. Re2 Nc7 15. a4 Qa6 16. Rc2 Rfb8 17. Ra3 Rb4 18. Nb5 Nxb5 19. axb5 Qb7 20. Qe2 Rb8 21. Nd2 Qxb5 22. Qxb5 R8xb5 23. Ra8+ Rb8 24. Rxb8+ Rxb8 25. Nc4 Ne5 26. Nxe5 Bxe5+ 27. Kg1 Rb4 28. f3 f5 29. Re2 Bg3 30. Kf1 Ra4 31. Rc2 fxe4 32. Ke2 exf3+ 0-1

[Event "Rubinstein Memorial"]
[Site "Polanica Zdroj POL"]
[Date "1995.??.??"]
[Round "4"]
[White "Sosonko, Gennadi P"]
[Black "Topalov, Veselin"]
[Result "1/2-1/2"]
[WhiteElo "2535"]
[BlackElo "2630"]
[PlyCount "42"]
[EventDate "1995.08.??"]
[Source "www.chesslib.no"]
[SourceDate "2004.05.04"]

1. d4 Nf6 2. c4 c5 3. d5 b5 4. cxb5 a6 5. bxa6 g6 6. Nc3 Bxa6 7. e4 Bxf1 8. Kxf1 d6 9. Nf3 Bg7 10. g3 O-O 11. Kg2 Nbd7 12. Qe2 Qb6 13. Re1 Rfb8 14. e5 Nxe5 15. Nxe5 dxe5 16. Qxe5 Rb7 17. Qe2 Ne8 18. Bd2 Nd6 19. b3 Qa6 20. Rac1 Qxe2 21. Rxe2 c4 1/2-1/2

[Event "NED Team Ch 9495"]
[Site "NED"]
[Date "1994.??.??"]
[Round "9"]
[White "Sosonko, Gennadi P"]
[Black "Chernin, Alexander M"]
[Result "1/2-1/2"]
[WhiteElo "2525"]
[BlackElo "2630"]
[PlyCount "52"]
[EventDate "1994.??.??"]
[Source "www.chesslib.no"]
[SourceDate "2004.05.04"]

1. d4 Nf6 2. c4 c5 3. d5 b5 4. cxb5 a6 5. bxa6 g6 6. Nc3 Bxa6 7. Nf3 d6 8. e4 Bxf1 9. Kxf1 Bg7 10. g3 O-O 11. Kg2 Qb6 12. Re1 Ng4 13. Qe2 Qb7 14. h3 Ne5 15. Nxe5 Bxe5 16. Bh6 Rc8 17. Bf4 Bxf4 18. gxf4 Na6 19. e5 Nb4 20. exd6 exd6 21. Rad1 c4 22. Qe7 Qxe7 23. Rxe7 Nxa2 24. Rd7 Nxc3 25. bxc3 Rd8 26. Rxd8+ Rxd8 1/2-1/2

[Event "Luzern"]
[Site "?"]
[Date "1989.??.??"]
[Round "?"]
[White "Gurevich, M."]
[Black "Gurevich, D."]
[Result "1-0"]
[WhiteElo "2645"]
[BlackElo "2490"]
[PlyCount "103"]
[EventDate "1989.??.??"]
[Source "ChessBase"]
[SourceDate "1989.07.01"]

1. d4 Nf6 2. c4 c5 3. d5 b5 4. cxb5 a6 5. bxa6 Bxa6 6. Nc3 d6 7. e4 Bxf1 8. Kxf1 g6 9. Nf3 Bg7 10. g3 O-O 11. Kg2 Nbd7 12. h3 Qa5 13. Re1 Rfb8 14. Re2 Ne8 15. Rc2 Nb6 16. Qe2 Qb4 17. Bf4 Nc7 18. Rd1 Nc4 19. e5 Rd8 20. a3 Qb3 21. Ne4 Nxe5 22. Nxe5 dxe5 23. Bxe5 Bxe5 24. Nxc5 Qb5 25. Qxe5 Nxd5 26. Kh2 Qc6 27. Rdd2 Ra7 28. Nd3 Qa8 29. Nf4 Nf6 30. Rxd8+ Qxd8 31. Qc5 Ra8 32. Qc3 g5 33. Ng2 h6 34. Ne3 Kh7 35. Rd2 Qb6 36. Qd3+ Kg8 37. Nf5 e6 38. Nxh6+ Kg7 39. Ng4 Nxg4+ 40. hxg4 Qc6 41. Qd4+ Kg6 42. Kg1 Rc8 43. Qd7 Qa8 44. Rc2 Rd8 45. Qc6 Qb8 46. Qe4+ Kg7 47. b4 Rd1+ 48. Kg2 Qd8 49. Rc5 Kh6 50. Qf3 Qd4 51. Rc7 f6 52. Rf7 1-0

[Event "Pelikan Memorial A"]
[Site "?"]
[Date "1997.??.??"]
[Round "?"]
[White "Dorner, Joaquin"]
[Black "Kempen, Heinz van"]
[Result "1-0"]
[WhiteElo "2525"]
[BlackElo "2605"]
[PlyCount "67"]
[EventDate "1997.??.??"]
[Source "www.chesslib.no"]
[SourceDate "2004.05.04"]

1. d4 Nf6 2. c4 c5 3. d5 b5 4. cxb5 a6 5. bxa6 Bxa6 6. Nc3 g6 7. g3 d6 8. Nf3 Bg7 9. e4 Bxf1 10. Kxf1 O-O 11. Kg2 Nbd7 12. h3 Qa5 13. Re1 Rfb8 14. e5 dxe5 15. Nxe5 Nxe5 16. Rxe5 Rb7 17. Qf3 Ne8 18. Re2 Nd6 19. g4 Rd8 20. a4 Rdd7 21. Bf4 h6 22. Rae1 Kh7 23. h4 Qd8 24. h5 Rb4 25. hxg6+ fxg6 26. Be5 Ne8 27. d6 e6 28. Bxg7 Nxg7 29. Ne4 Rxd6 30. Rh1 e5 31. Qe3 h5 32. gxh5 Nxh5 33. Nxd6 Qxd6 34. Qxe5 1-0

[Event "Budapest FS07 Elo"]
[Site "Budapest"]
[Date "1998.??.??"]
[Round "10"]
[White "Prudnikova, Svetlana"]
[Black "Van Zutphen, Amy"]
[Result "1/2-1/2"]
[WhiteElo "2500"]
[BlackElo "2610"]
[PlyCount "81"]
[EventDate "1998.07.??"]
[Source "www.chesslib.no"]
[SourceDate "2004.05.04"]

1. d4 Nf6 2. c4 c5 3. d5 b5 4. cxb5 a6 5. bxa6 Bxa6 6. Nc3 d6 7. Nf3 g6 8. e4 Bxf1 9. Kxf1 Nbd7 10. h3 Bg7 11. Kg1 O-O 12. Kh2 Qb8 13. Re1 Nb6 14. Kg1 Nfd7 15. Re2 Nc4 16. Rc2 Qb4 17. Qe2 Rfb8 18. Nd2 Ncb6 19. Rb1 Qa5 20. a3 Qa6 21. Qxa6 Rxa6 22. b3 f5 23. f3 Bd4+ 24. Kh2 Be5+ 25. Kh1 Nf6 26. a4 fxe4 27. fxe4 Nh5 28. Nb5 Ng3+ 29. Kg1 Nd7 30. Bb2 Bxb2 31. Rcxb2 Ne5 32. Kf2 Nh5 33. Ke3 Rf8 34. Nf3 Nxf3 35. gxf3 Nf4 36. h4 Kg7 37. Rg1 h5 38. Na3 e6 39. dxe6 d5 40. exd5 Nxd5+ 41. Kf2 1/2-1/2

[Event "RUS-ch"]
[Site "Elista"]
[Date "1996.??.??"]
[Round "8"]
[White "Yakovich, Yuri"]
[Black "Solozhenkin, Evgeniy"]
[Result "1/2-1/2"]
[WhiteElo "2530"]
[BlackElo "2565"]
[PlyCount "97"]
[EventDate "1996.10.15"]
[Source "ChessBase"]

1. d4 Nf6 2. c4 c5 3. d5 b5 4. cxb5 a6 5. bxa6 g6 6. Nc3 Bxa6 7. e4 Bxf1 8. Kxf1 d6 9. Nf3 Nbd7 10. g3 Bg7 11. Kg2 O-O 12. Re1 Qa5 13. e5 Ng4 14. exd6 exd6 15. Bf4 Rfb8 16. Re2 Bxc3 17. bxc3 Qxc3 18. Rc1 Qf6 19. Ng5 Qf5 20. Ne4 Ngf6 21. Nxd6 Qxd5+ 22. Qxd5 Nxd5 23. Bh6 f6 24. Rd2 N5b6 25. Be3 Ra5 26. Ne4 c4 27. Bxb6 Nxb6 28. Nxf6+ Kg7 29. Ne4 Re8 30. Nc3 Re7 31. Rd4 h5 32. h4 Rea7 33. Rc2 Na4 34. Ne4 c3 35. Ng5 Rb5 36. Re4 Rb2 37. Ree2 Rab7 38. Ne6+ Kf6 39. Nd4 Rxc2 40. Rxc2 Rb2 41. Kf3 Ke5 42. Ke3 Kd5 43. Kd3 Rb1 44. Nb3 Rd1+ 45. Ke2 Rb1 46. Ke3 Re1+ 47. Kd3 Rd1+ 48. Ke2 Rb1 49. Kd3 1/2-1/2

[Event "ARG Ch"]
[Site "Argentina"]
[Date "1995.??.??"]
[Round "1"]
[White "Morovic Fernandez, Ivan E"]
[Black "Hoffman, Alejandro S"]
[Result "1-0"]
[WhiteElo "2575"]
[BlackElo "2515"]
[PlyCount "93"]
[EventDate "1995.??.??"]
[Source "www.chesslib.no"]
[SourceDate "2004.05.04"]

1. d4 Nf6 2. c4 c5 3. d5 b5 4. cxb5 a6 5. bxa6 g6 6. Nc3 Bxa6 7. e4 Bxf1 8. Kxf1 d6 9. Nf3 Nbd7 10. g3 Bg7 11. Kg2 O-O 12. h3 Qa5 13. Re1 Rfb8 14. Re2 Ne8 15. Qc2 Nc7 16. Bd2 Qa6 17. Be1 Qb7 18. Nd1 Na6 19. a3 Qb3 20. Qxb3 Rxb3 21. Nd2 Rbb8 22. Nc4 Nc7 23. Bc3 Nb5 24. Bxg7 Kxg7 25. Rc1 Nd4 26. Re3 Ra7 27. e5 Nb6 28. Nxb6 Rxb6 29. Rc4 Nb3 30. exd6 exd6 31. Rd3 Rab7 32. g4 h6 33. h4 Rb8 34. Ne3 Rb5 35. h5 Na5 36. Ra4 c4 37. Rd4 Rc5 38. hxg6 fxg6 39. Rb4 Rcc8 40. Kg3 Kf6 41. Re4 Kf7 42. Re6 Rxb4 43. axb4 Nb7 44. Re4 c3 45. bxc3 Rxc3 46. Rc4 Rxc4 47. Nxc4 1-0

[Event "HUN-chT 0203"]
[Site "?"]
[Date "2002.11.24"]
[Round "3"]
[White "Gyimesi Zoltan"]
[Black "Medvegy Zoltan"]
[Result "1/2-1/2"]
[WhiteElo "2580"]
[BlackElo "2505"]
[PlyCount "86"]
[EventDate "2002.??.??"]
[Source "www.chesslib.no"]
[SourceDate "2004.05.04"]

1. d4 Nf6 2. c4 c5 3. d5 b5 4. cxb5 a6 5. bxa6 g6 6. Nc3 Bxa6 7. e4 Bxf1 8. Kxf1 d6 9. Nf3 Nbd7 10. g3 Bg7 11. Kg2 O-O 12. Re1 Qa5 13. e5 Ng4 14. exd6 exd6 15. Bf4 Rfb8 16. Re2 Qa6 17. Rc1 Nge5 18. Nxe5 Nxe5 19. Bxe5 Bxe5 20. Rd2 Rb4 21. Qe2 Bxc3 22. bxc3 Ra4 23. Rcc2 Qxe2 24. Rxe2 Rc4 25. Re7 Rca4 26. Rb2 Rxa2 27. Rbb7 Rf8 28. Rbd7 Ra6 29. g4 g5 30. h4 h6 31. h5 Kg7 32. Re6 Ra4 33. f3 Rf4 34. Rg6+ Kh7 35. Rgxd6 Rb8 36. Re6 Rb2+ 37. Kg3 Rd2 38. Re4 Rf6 39. Re6 Rf4 40. Re4 Rf6 41. Re5 Kg7 42. Rf5 Rd3 43. c4 Rd4 1/2-1/2

[Event "Lugano op"]
[Site "Lugano"]
[Date "1999.03.13"]
[Round "4"]
[White "Varga, Peter"]
[Black "Rogers, Ian"]
[Result "1/2-1/2"]
[WhiteElo "2448"]
[BlackElo "2618"]
[PlyCount "97"]
[EventDate "1999.03.??"]
[Source "www.chesslib.no"]
[SourceDate "2004.05.04"]

1. d4 Nf6 2. c4 c5 3. d5 b5 4. cxb5 a6 5. bxa6 Bxa6 6. Nc3 g6 7. e4 Bxf1 8. Kxf1 d6 9. Nf3 Nbd7 10. h3 Bg7 11. Kg1 O-O 12. Kh2 Nb6 13. Re1 Nfd7 14. Qc2 Nc4 15. Qe2 Ndb6 16. Kg1 Qd7 17. Nd2 Nxd2 18. Bxd2 f5 19. Nd1 f4 20. Bc3 f3 21. Qd3 Bxc3 22. Nxc3 fxg2 23. Kxg2 Qb7 24. b3 Nd7 25. Qe3 Qb4 26. Re2 c4 27. Qd4 Ne5 28. Re3 Qa5 29. Rf1 cxb3 30. axb3 Rab8 31. f4 Nd7 32. Ne2 Rb4 33. Qc3 Qc5 34. Qxc5 Nxc5 35. Ng3 Ra8 36. Rf2 Ra3 37. Rb2 Kf7 38. h4 Rd4 39. Kf3 Rb4 40. Nf1 Rbxb3 41. Rbxb3 Nxb3 42. Kg3 Ra1 43. Rxb3 Rxf1 44. e5 Rd1 45. exd6 exd6 46. Rb7+ Kg8 47. h5 Rxd5 48. hxg6 hxg6 49. Rd7 1/2-1/2

[Event "Elgoibar"]
[Site "Elgoibar"]
[Date "1993.??.??"]
[Round "5"]
[White "Suba, Mihai"]
[Black "Milos, Gilberto"]
[Result "0-1"]
[WhiteElo "2500"]
[BlackElo "2565"]
[PlyCount "90"]
[EventDate "1993.??.??"]
[Source "www.chesslib.no"]
[SourceDate "2004.05.04"]

1. d4 Nf6 2. c4 c5 3. d5 b5 4. cxb5 a6 5. bxa6 g6 6. Nc3 Bxa6 7. e4 Bxf1 8. Kxf1 d6 9. g4 Bg7 10. Kg2 Nbd7 11. g5 Nh5 12. Nge2 Qa5 13. Bd2 Ne5 14. b3 Nd3 15. Na4 Qb5 16. Bc3 Ne5 17. h4 O-O 18. Rc1 f5 19. gxf6 Bxf6 20. Bxe5 Bxe5 21. Rc4 Rf6 22. f3 Raf8 23. Qd3 Qe8 24. Rh3 Qd7 25. Nb6 Qb5 26. Na4 Rf4 27. Qe3 Qd7 28. Nb6 Qd8 29. Na4 e6 30. Qf2 exd5 31. exd5 Rxc4 32. bxc4 Qa5 33. Nxc5 dxc5 34. Qe3 Qe1 35. f4 Qxe2+ 36. Qxe2 Nxf4+ 37. Kf1 Nxe2+ 38. Kxe2 Rf4 39. Re3 Bf6 40. h5 Rxc4 41. hxg6 hxg6 42. Re6 Kf7 43. Rc6 Bd4 44. Ra6 g5 45. Kf3 Be5 0-1

[Event "Rilton Cup 9899"]
[Site "Stockholm"]
[Date "1999.01.02"]
[Round "5"]
[White "Yakovich, Yuri"]
[Black "Cramling, Pia"]
[Result "0-1"]
[WhiteElo "2560"]
[BlackElo "2505"]
[PlyCount "80"]
[EventDate "1998.12.??"]
[Source "ChessBase"]
[SourceDate "1999.03.01"]

1. d4 Nf6 2. c4 c5 3. d5 b5 4. cxb5 a6 5. bxa6 Bxa6 6. Nc3 d6 7. Nf3 g6 8. e4 Bxf1 9. Kxf1 Bg7 10. g3 O-O 11. Kg2 Nbd7 12. Re1 Ra6 13. h3 Qa8 14. Qc2 e6 15. dxe6 fxe6 16. Nb5 Qc6 17. a4 d5 18. exd5 Nxd5 19. Ra3 Nb4 20. Qe4 Rfa8 21. Qxc6 Rxc6 22. Re2 Nb6 23. Ng5 Nc4 24. Rb3 Na2 25. Bf4 e5 26. Re4 Na5 27. Ra3 exf4 28. Rxa2 fxg3 29. fxg3 c4 30. Nf3 Nb3 31. Ne5 Rc5 32. Nxc4 Rxb5 33. axb5 Rxa2 34. b6 Nc5 35. Re8+ Bf8 36. Rb8 Ra4 37. b3 Rb4 38. Na5 Na6 39. Rb7 Nc5 40. Rb8 Nd7 0-1

[Event "Buenos Aires Najdorf"]
[Site "Buenos Aires"]
[Date "1995.??.??"]
[Round "4"]
[White "Sadler, Matthew"]
[Black "Sorin, Ariel"]
[Result "1-0"]
[WhiteElo "2565"]
[BlackElo "2500"]
[PlyCount "59"]
[EventDate "1995.07.??"]
[Source "ChessBase"]

1. d4 Nf6 2. c4 c5 3. d5 b5 4. cxb5 a6 5. bxa6 Bxa6 6. Nc3 d6 7. Nf3 g6 8. e4 Bxf1 9. Kxf1 Nbd7 10. g3 Bg7 11. Kg2 O-O 12. Re1 Ra6 13. h3 Qa8 14. Qc2 e6 15. dxe6 fxe6 16. Nb5 Qb7 17. a4 d5 18. exd5 Nxd5 19. Ra3 c4 20. Qxc4 Rc6 21. Qe4 Kh8 22. Kg1 Nc5 23. Qe2 e5 24. b4 Nxb4 25. Nxe5 Re6 26. Bb2 Rfe8 27. Nd6 Qe7 28. Nxe8 Qxe8 29. Re3 Kg8 30. Bd4 1-0

[Event "Catalunya Team Ch"]
[Site "Catalunya"]
[Date "1996.??.??"]
[Round "?"]
[White "Garcia Ilundain, David"]
[Black "Arencibia, Walter"]
[Result "1/2-1/2"]
[WhiteElo "2550"]
[BlackElo "2515"]
[PlyCount "99"]
[EventDate "1996.??.??"]
[Source "www.chesslib.no"]
[SourceDate "2004.05.04"]

1. d4 c5 2. d5 Nf6 3. Nf3 g6 4. c4 b5 5. cxb5 a6 6. bxa6 Bxa6 7. Nc3 d6 8. e4 Bxf1 9. Kxf1 Nbd7 10. g3 Bg7 11. Kg2 O-O 12. Re1 Ng4 13. Nd2 Nge5 14. Qe2 Nb6 15. f4 Ned7 16. a4 Ra7 17. a5 Qa8 18. Qb5 Nb8 19. Ra3 N6d7 20. Nc4 Rb7 21. Nb6 Qa7 22. Nca4 Nxb6 23. axb6 Qa6 24. Qxa6 Nxa6 25. Bd2 Ra8 26. Rea1 Nb8 27. Rb3 Ra6 28. Rb5 Bd4 29. Ra5 Rxa5 30. Bxa5 Nd7 31. Rb1 f5 32. exf5 gxf5 33. b4 c4 34. Rc1 c3 35. Nxc3 Bxb6 36. Bxb6 Nxb6 37. Rd1 Rc7 38. Rd3 Rc4 39. b5 Nd7 40. Kf1 Nc5 41. Re3 Kf7 42. Ke2 Rb4 43. Kd1 Nb3 44. Rd3 Ke8 45. Ke1 Kd7 46. Nd1 Nd4 47. b6 Kc8 48. Rc3+ Kb7 49. Rc7+ Kxb6 50. Rxe7 1/2-1/2

[Event "MK Cafe Cup-A"]
[Site "Koszalin"]
[Date "1998.08.03"]
[Round "1"]
[White "Tukmakov, Vladimir B"]
[Black "Gipslis, Aivars"]
[Result "1/2-1/2"]
[WhiteElo "2605"]
[BlackElo "2450"]
[PlyCount "52"]
[EventDate "1998.08.03"]
[Source "ChessBase"]
[SourceDate "1998.09.09"]

1. d4 Nf6 2. c4 c5 3. d5 b5 4. cxb5 a6 5. bxa6 g6 6. Nc3 Bxa6 7. e4 Bxf1 8. Kxf1 d6 9. Nf3 Bg7 10. h3 O-O 11. Kg1 Nbd7 12. Kh2 Qa5 13. Re1 Rfb8 14. Re2 Ne8 15. Rc2 Rb7 16. Bd2 Nc7 17. Rb1 Nb5 18. Nxb5 Qxb5 19. b3 Qd3 20. Bg5 Ne5 21. Nd2 f5 22. f4 Nf7 23. Nc4 Qxd1 24. Rxd1 Nxg5 25. fxg5 fxe4 26. Re2 Bd4 1/2-1/2

[Event "Christmas Open, Zurich SUI"]
[Site "?"]
[Date "2000.??.??"]
[Round "4"]
[White "Pinter, J."]
[Black "Pikula, D."]
[Result "0-1"]
[WhiteElo "2555"]
[BlackElo "2500"]
[PlyCount "101"]
[EventDate "2000.??.??"]
[Source "www.chesslib.no"]
[SourceDate "2004.05.04"]

1. d4 Nf6 2. c4 c5 3. d5 b5 4. cxb5 a6 5. bxa6 g6 6. Nc3 Bxa6 7. Nf3 d6 8. e4 Bxf1 9. Kxf1 Nbd7 10. g3 Bg7 11. Kg2 O-O 12. Re1 Ng4 13. Re2 Qa5 14. Bg5 Rfe8 15. Rc1 Nb6 16. h3 Ne5 17. Nxe5 Bxe5 18. Rcc2 Bxc3 19. bxc3 Nc4 20. h4 Qa4 21. Qc1 h5 22. Bf4 Rf8 23. Re1 f6 24. Rce2 Kf7 25. Qb1 Qd7 26. Qd1 Ra4 27. Qd3 Kg7 28. Rc1 Rb8 29. Rb1 Qa7 30. Rxb8 Qxb8 31. Qc2 Qa7 32. Qb1 Kf7 33. Qd3 Qa6 34. Qb1 Ne5 35. Qc2 Nd3 36. Bh6 Ra3 37. Kg1 Ne5 38. Bf4 Rxc3 39. Qxc3 Qxe2 40. Bxe5 fxe5 41. a4 Qd1+ 42. Kg2 Qxa4 43. Qf3+ Kg7 44. g4 Qe8 45. Qg3 Kh7 46. f4 Qa4 47. Qe3 Qd1 48. gxh5 Qg4+ 49. Qg3 gxh5 50. fxe5 Qxe4+ 51. Kh2 0-1

[Event "Cappelle Open"]
[Site "Cappelle la Grande FRA"]
[Date "1995.??.??"]
[Round "2"]
[White "Savchenko, Stanislav"]
[Black "Vescovi, Giovanni P"]
[Result "1-0"]
[WhiteElo "2585"]
[BlackElo "2465"]
[PlyCount "109"]
[EventDate "1995.03.??"]
[Source "www.chesslib.no"]
[SourceDate "2004.05.04"]

1. d4 Nf6 2. c4 c5 3. d5 b5 4. cxb5 a6 5. bxa6 g6 6. Nc3 Bxa6 7. e4 Bxf1 8. Kxf1 d6 9. Nf3 Bg7 10. g3 O-O 11. Kg2 Nbd7 12. h3 Ra7 13. Re1 Qa8 14. Bg5 Rb8 15. Re2 Nb6 16. Qc2 Nc4 17. b3 Na3 18. Qd3 Nd7 19. Be3 Rc7 20. Rc1 Rbc8 21. Nd1 c4 22. bxc4 Rxc4 23. Rxc4 Rxc4 24. Bd4 Nc5 25. Bxc5 Rxc5 26. Nd4 Nc4 27. Nb3 Ne5 28. Qb1 Rc4 29. Ne3 Ra4 30. Qc2 Qa6 31. Nc1 Bh6 32. f4 Nd7 33. Ng4 Bg7 34. Nb3 Rc4 35. Qd3 Qa4 36. e5 Nc5 37. Nxc5 Rxc5 38. exd6 exd6 39. f5 gxf5 40. Qxf5 Qa8 41. Kh2 Ra5 42. Rf2 Rxa2 43. Qxf7+ Kh8 44. h4 Rxf2+ 45. Nxf2 Qc8 46. Nd3 Qd8 47. Nf4 Be5 48. Kh3 Bxf4 49. gxf4 Qc8+ 50. Kg3 Qd8 51. Kg4 Qg8+ 52. Qxg8+ Kxg8 53. Kh5 Kg7 54. Kg5 h6+ 55. Kf5 1-0

[Event "Hoogeveen (open) 74/76"]
[Site "?"]
[Date "1998.??.??"]
[Round "?"]
[White "Golod, Vitali"]
[Black "Van der Weide, Karel"]
[Result "1/2-1/2"]
[WhiteElo "2555"]
[BlackElo "2490"]
[PlyCount "55"]
[EventDate "1998.??.??"]
[Source "ChessBase"]
[SourceDate "1998.10.01"]

1. d4 Nf6 2. c4 c5 3. d5 b5 4. cxb5 a6 5. bxa6 g6 6. Nc3 Bxa6 7. e4 Bxf1 8. Kxf1 d6 9. Nf3 Bg7 10. h3 O-O 11. Kg1 Nbd7 12. Kh2 Qa5 13. Re1 Rfb8 14. Re2 Ne8 15. Rc2 Nb6 16. Qe2 Qa6 17. Qxa6 Rxa6 18. Bg5 Na4 19. Nxa4 Rxa4 20. e5 f6 21. exf6 Nxf6 22. Re1 Rxa2 23. Rxe7 Nxd5 24. Rd7 Raxb2 25. Rxb2 Bxb2 26. Rxd6 Nb4 27. Bf4 Rc8 28. Be5 1/2-1/2

[Event "Cappelle la Grande 75/57"]
[Site "?"]
[Date "1999.??.??"]
[Round "?"]
[White "Atalik, Suat"]
[Black "Krivoshey, Sergei"]
[Result "1-0"]
[WhiteElo "2593"]
[BlackElo "2451"]
[PlyCount "73"]
[EventDate "1999.??.??"]
[Source "ChessBase"]
[SourceDate "1999.02.01"]

1. d4 Nf6 2. c4 c5 3. d5 b5 4. cxb5 a6 5. bxa6 g6 6. Nc3 Bxa6 7. e4 Bxf1 8. Kxf1 d6 9. Nf3 Bg7 10. g3 Nbd7 11. Kg2 O-O 12. Re1 Ng4 13. Nd2 Nge5 14. Qe2 Nb6 15. f4 Ned7 16. Nf3 Ra7 17. Rb1 Qc8 18. a3 Qa6 19. e5 Qxe2+ 20. Rxe2 Nc4 21. a4 dxe5 22. b3 e4 23. Nxe4 Rb8 24. Rc2 Nd6 25. Nxc5 Nxc5 26. Be3 Rxa4 27. Bxc5 Ra5 28. b4 Rab5 29. Re1 Bf6 30. Ne5 Rxb4 31. Bxd6 exd6 32. Nd7 Rb2 33. Ree2 Bd4 34. Nxb8 Rxb8 35. Rc7 Bf6 36. Rd7 Rb6 37. Rc2 1-0